000 00303nam a2200109Ia 4500
008 171211s9999 xx 000 0 und d
245 _aLearning ArcGIS for Desktop
245 _cDaniela Cristiana Docan
260 _c2016
650 _xSOFTWARE
856 _uhttp://down.ebook777.com/061/9781782175797.pdf
999 _c349365
_d349365